Estudio económico de América Latina y Caribe : (Registro nro. 7092)

Detalles MARC
000 -LEADER
fixed length control field 01383nam a22002417a 4500
003 - CONTROL NUMBER IDENTIFIER
control field OSt
005 - DATE AND TIME OF LATEST TRANSACTION
control field 20210203100103.0
008 - FIXED-LENGTH DATA ELEMENTS--GENERAL INFORMATION
fixed length control field 210203s2019 cl ad||gr|||| 00| 0 spa d
020 ## - INTERNATIONAL STANDARD BOOK NUMBER
International Standard Book Number 9789211220193
040 ## - CATALOGING SOURCE
Original cataloging agency CO-JMCR
Transcribing agency CO-JMCR
041 0# - LANGUAGE CODE
Language code of text/sound track or separate title spa
082 04 - DEWEY DECIMAL CLASSIFICATION NUMBER
Edition number 23
Classification number 338.98 /
Item number C399e
110 1# - MAIN ENTRY--CORPORATE NAME
Corporate name or jurisdiction name as entry element Comisión económica para América Latina y el Caribe
9 (RLIN) 3019
245 10 - TITLE STATEMENT
Title Estudio económico de América Latina y Caribe :
Remainder of title el nuevo contexto financiero mundial : efectos y mecanismos de transmisión en la región /
Statement of responsibility, etc. Comisión económica para América Latina y el Caribe, Cepal
260 ## - PUBLICATION, DISTRIBUTION, ETC.
Place of publication, distribution, etc. Santiago :
Name of publisher, distributor, etc. Naciones Unidas : Cepal,
Date of publication, distribution, etc. 2019
300 ## - PHYSICAL DESCRIPTION
Extent 235 páginas :
Other physical details ilustraciones, gráficos a color ;
Dimensions 27 cm.
505 0# - FORMATTED CONTENTS NOTE
Formatted contents note Panorama regional -- El nuevo contexto financiero mundial: efectos y mecanismos de transmisión en la región -- Los cambios en el siclo financiero mundial y sus impactos -- Hacia un nuevo enfoque para analizar las vulnerabilidades potenciales que enfrenta América Latina y el Caribe en el nuevo ciclo -- Cambios en el sistema financiero, regulación macroprudencial y mecanismo de transmisión
650 24 - SUBJECT ADDED ENTRY--TOPICAL TERM
Topical term or geographic name entry element Desarrollo económico
Chronological subdivision Siglo XX
Geographic subdivision América latina
9 (RLIN) 12981
650 24 - SUBJECT ADDED ENTRY--TOPICAL TERM
Topical term or geographic name entry element Investigaciones
Chronological subdivision Siglo XX
Geographic subdivision América Latina-
9 (RLIN) 12982
650 24 - SUBJECT ADDED ENTRY--TOPICAL TERM
Topical term or geographic name entry element Contexto financiero
Geographic subdivision América Latina
9 (RLIN) 12983
710 1# - ADDED ENTRY--CORPORATE NAME
Corporate name or jurisdiction name as entry element Cepal,
Relator term autor
9 (RLIN) 12984
942 ## - ADDED ENTRY ELEMENTS (KOHA)
Source of classification or shelving scheme Dewey Decimal Classification
Koha item type Books
Existencias
Withdrawn status Lost status Source of classification or shelving scheme Damaged status Not for loan Home library Current library Shelving location Date acquired Source of acquisition Total Checkouts Full call number Barcode Date last seen Copy number Price effective from Koha item type
    Dewey Decimal Classification     Biblioteca Pública José María del Castillo y Rada Biblioteca Pública José María del Castillo y Rada General Stacks 10/02/2020 Donación   338.98 / C399e 201809701 05/16/2024 Ej.1 10/02/2020 Books